LEADER 01798nam a2200385 u 4500 001 000000083775 003 CaOOAMICUS 005 20070907104921.0 008 050526s1998 it u000 u ita u 020 $a88-394-0561-5 035 $a11047201 040 $aPUL$bita 041 0 $aita$heng 100 1 $aChester, Andrew.$0(OLS)http://pul/name/55320 240 10$aTheology of the letter of James, Peter and Jude.$lItaliano.$0(OLS)http://pul/title/109108 245 13$aLa teologia delle lettere di Giacomo, Pietro e Giuda /$cAndrew Chester and Ralph P. Martin. 260 $aBrescia :$bPaideia,$c1998. 300 $a220 p. ;$c21 cm. 490 1 $aLetture bibliche 490 1 $aTeologia del Nuovo Testamento 500 $aContiene indici delle lettere. 504 $aBibliografia in nota. 630 04$aBiblia.$pN.T.$pIacobi epistola.$0(OLS)http://pul/subject/38001 630 04$aBiblia.$pN.T.$pIudae epistola.$0(OLS)http://pul/subject/38005 630 04$aBiblia.$pN.T.$pPetri I-II.$0(OLS)http://pul/subject/8257 700 1 $aMartin, Ralph P.$0(OLS)http://pul/name/44827 830 0$aTeologia del Nuovo Testamento.$0(OLS)http://pul/title/43674 830 0$aLetture bibliche (Paideia) ;$v14.$0(OLS)http://pul/title/42363 850 $aPUL 852 $aPUL$W1$xSL Religione 3$y85$m225.705/Coll/1.14$j106606$nBK-PRI$qDDC 21$B106606$CPULBib$Z2$F106606 $H98628 $82 852 $aPUL$W1$xSL Religione 1$y3$m10 F 42$j120778$qStampati$B119978$CPULBib$Z2$F119978 $H77889 $82 941 1 $a9 996 $6020$a88-394-0561-5$9(OLS)http://pul/number/111022 996 $6245$aLa teologia delle lettere di Giacomo, Pietro e Giuda$9(OLS)http://pul/title/109109 996 $6260$aBrescia :$bPaideia$9(OLS)http://pul/publisher/47884 LEADER 01124nam a2200277 u 4500 001 000000020396 003 CaOOAMICUS 005 20070226110909.0 008 950227s1963 ne u000 u eng u 035 $a10497940 040 $aPUL(R)$bita 100 1 $aMetzger, Bruce Manning,$d1914-2007.$0(OLS)http://pul/name/5621 245 10$aChapters in the history of New Testament textual criticism /$cby Bruce M. Metzger. 260 $aLeiden :$bE. J. Brill,$c1963. 300 $ax, 164 p. ;$c25 cm 490 1 $aNew Testament tools and studies ;$v4 500 $aIndici: p. [161]-164. 504 $aBibliografia in nota. 630 04$aBiblia.$pN.T.$xCritica testuale.$0(OLS)http://pul/subject/2540 830 0$aNew Testament tools and studies ;$v4.$0(OLS)http://pul/title/28020 850 $aPUL 852 $aPUL$W1$xSL Religione 1$y3$m8 A 24$j28647$nBK-PRI$b $qStampati$B28647$CPULBib$Z2$F28647 $81 941 1 $a8 961 $aINV: 30645 996 $6245$aChapters in the history of New Testament textual criticism$9(OLS)http://pul/title/28727 996 $6260$aLeiden :$bE. J. Brill$9(OLS)http://pul/publisher/48610